Home gardens and in situ conservation of plant genetic resources in farming systems

Uloženo v:
Podrobná bibliografie
Hlavní autoři: Watson, J. W (Autor), Eyzaguirre, P. B (Autor)
Médium: Kniha
Jazyk:angličtina
Vydáno: Roma IPGRI 2002
Témata:
Tagy: Přidat tag
Žádné tagy, Buďte první, kdo vytvoří štítek k tomuto záznamu!

MARC

LEADER 00000nam a2200000 a 4500
001 UCL5204
003 CL-VaPUC
005 20210909074900.0
008 040305e20020000it 1 eng d
020 |a 9290435178 
082 0 4 |a 712.6  |b WAT  |2 21 
100 1 |a Watson, J. W  |e author  |9 620529 
700 1 |a Eyzaguirre, P. B  |e author  |9 620530 
245 1 0 |a Home gardens and in situ conservation of plant genetic resources in farming systems 
260 |a Roma  |b IPGRI  |c 2002 
300 |a 184 p 
583 |a last modification  |c 20040305 00:00:00  |k Rodrigo Vera 
650 0 7 |a JARDINES DOMESTICOS  |2 CL-VaPUC  |9 602731 
650 0 0 |a Protección del medio ambiente  |9 257626 
650 0 0 |a Plantas  |9 264555 
942 |c BK 
945 |a cmena  |d 20040305 00:00:00 
546 |a En Inglés 
536 |a IPGRI 
536 |a DSEZEL 
536 |a Future Harvest 
518 |p International Home Gardens, 2, Witzenhausen, 17-19 july 2001 
999 |c 384000  |d 383998 
952 |0 0  |1 0  |4 0  |6 712_600000000000000_WAT_2002  |7 0  |8 A  |9 506358  |a BIBAGR  |b BIBAGR  |d 2020-01-23  |i 3915662  |o 712.6 WAT 2002  |p 3915662  |r 2025-01-20  |w 2020-01-23  |y BK  |k AGR